LEADER 00777nam0-22002531i-450- 001 990001172750403321 035 $a000117275 035 $aFED01000117275 035 $a(Aleph)000117275FED01 035 $a000117275 100 $a20000920d1976----km-y0itay50------ba 101 0 $aeng 200 1 $aNumerical Analysis of the Finite Element Method$fde CIARLET P. 210 $aMontreal$cLes Presses de l'Université de Montréal$d1976 225 1 $aSéminaire de Mathématiques Supérieures$v59 700 1$aCiarlet,$bPhilippe G.$013206 801 0$aIT$bUNINA$gRICA$2UNIMARC 901 $aBK 912 $a990001172750403321 952 $a25-C-59$b1133$fMA1 959 $aMA1 996 $aNumerical Analysis of the Finite Element Method$9345945 997 $aUNINA DB $aING01 LEADER 00948nam0-2200325---450- 001 990008246680403321 005 20060111102512.0 010 $a88-491-1491-5 035 $a000824668 035 $aFED01000824668 035 $a(Aleph)000824668FED01 035 $a000824668 100 $a20051216d2003----km-y0itay50------ba 101 0 $aita 102 $aIT 105 $ay-------001yy 200 1 $a<>oro verde$ei boschi nello Stato pontificio tra XVIII e XIX secolo$fRenato Sansa 210 $aBologna$cCLUEB$d2003 215 $a283 p.$d22 cm 225 1 $aBiblioteca di storia agraria medievale$v26 610 0 $aBoschi e foreste$aStato Pontificio$aSec. 18.-19. 676 $a333.750945$v21$zita 700 1$aSansa,$bRenato$0274821 801 0$aIT$bUNINA$gRICA$2UNIMARC 901 $aBK 912 $a990008246680403321 952 $aCollez. 1233 (26)$b42000$fFSPBC 959 $aFSPBC 996 $aOro verde$9742663 997 $aUNINA